| 000 | 00487nam a2200157 a 4500 | ||
|---|---|---|---|
| 001 | 3749 | ||
| 003 | CDMR | ||
| 005 | 20130320110015.0 | ||
| 008 | 130130s1994||||||||||||||||||||||||||||d | ||
| 040 |
_aCDMR _bcat _cCPC LLEIDA |
||
| 245 | 0 | 0 |
_aViolència política i ruptura social a Espanya, 1936-1945 _cJaume Barrull Pelegrí, coordinació ... [et al.] |
| 260 |
_aLleida _c1994 _bUniversitat de Lleida |
||
| 490 | 0 |
_aEspai/Temps _v23 |
|
| 700 | 1 |
_9501 _aBarrull Pelegrí, Jaume |
|
| 942 |
_cMON _2udc |
||
| 999 |
_c3749 _d3749 |
||